İçeriği atla

Источниковедение учебно-методическое пособие по дисциплине

Пособие «Источниковедение» составлено в соответствии с требованиями Основной образовательной программы по специальности 46.03.01 – «История». Дисциплина входит в федеральный компонент цикла общих гуманитарных и общепрофессиональных дисциплин и является обязательной для изучения студентами 3-го курса...

Ful tanımlama

Kaydedildi:
Detaylı Bibliyografya
Yazar: Абдуразакова Ш. Т.
Materyal Türü: Книга
Dil:Russian
Baskı/Yayın Bilgisi: Махачкала ДГУ 2018
Online Erişim:https://e.lanbook.com/book/158421
https://e.lanbook.com/img/cover/book/158421.jpg
Etiketler: Etiketle
Etiket eklenmemiş, İlk siz ekleyin!
LEADER 01564nam0a2200229 i 4500
001 158421
003 RuSpLAN
005 20221220174109.0
008 221220s2018 ru gs 000 0 rus
040 |a RuSpLAN 
041 0 |a rus 
044 |a ru 
245 0 0 |a Источниковедение  |b учебно-методическое пособие по дисциплине  |c Абдуразакова Ш. Т. 
260 |a Махачкала  |b ДГУ  |c 2018 
300 |a 32 с. 
504 |a Библиогр.: доступна в карточке книги, на сайте ЭБС Лань 
520 8 |a Пособие «Источниковедение» составлено в соответствии с требованиями Основной образовательной программы по специальности 46.03.01 – «История». Дисциплина входит в федеральный компонент цикла общих гуманитарных и общепрофессиональных дисциплин и является обязательной для изучения студентами 3-го курса очной формы обучения по направлению бакалавриат 
521 8 |a Книга из коллекции ДГУ - Социально-гуманитарные науки 
100 1 |a Абдуразакова Ш. Т. 
856 4 |u https://e.lanbook.com/book/158421 
856 4 8 |u https://e.lanbook.com/img/cover/book/158421.jpg 
953 |a https://e.lanbook.com/img/cover/book/158421.jpg